[Event "41st North Shore Open-A"]
[Site "Devonport"]
[Date "2014.09.06"]
[Round "3.2"]
[White "McLaren, Leonard J"]
[Black "Duneas, John"]
[Result "1-0"]
[WhiteElo "2317"]
[BlackElo "2194"]
[PlyCount "75"]
[EventDate "2014.09.06"]
[EventType "swiss"]
[EventRounds "5"]
[EventCountry "NZL"]
[SourceDate "2014.09.06"]

1. e4 e6 2. d4 d5 3. Nc3 Nf6 4. e5 Nfd7 5. f4 c5 6. Nf3 Nc6 7. Be3 a6 8. Qd2 b5
9. a3 Qb6 10. dxc5 Bxc5 11. Bxc5 Qxc5 12. Ne2 O-O 13. Ned4 Nxd4 14. Nxd4 Nb6
15. Qb4 Qc7 16. Bd3 Bd7 17. O-O f6 18. Rae1 fxe5 19. fxe5 Rxf1+ 20. Bxf1 Nc4
21. Nf3 a5 22. Qc3 Qc5+ 23. Qd4 Qxd4+ 24. Nxd4 Rc8 25. Bxc4 Rxc4 26. Rd1 a4 27.
Kf2 Kf7 28. c3 Ke7 29. Ke3 Be8 30. Rf1 Bg6 31. Rf4 Rc5 32. Rg4 Kf7 33. Rg5 Be4
34. Rxg7+ Kxg7 35. Nxe6+ Kf7 36. Nxc5 Bxg2 37. Nd3 Be4 38. Nf4 1-0

[Event "41st North Shore Open-A"]
[Site "Devonport"]
[Date "2014.09.06"]
[Round "3.3"]
[White "Browne, Jeremy A"]
[Black "Zhang, Leo"]
[Result "1/2-1/2"]
[WhiteElo "2130"]
[BlackElo "2077"]
[PlyCount "73"]
[EventDate "2014.09.06"]
[EventType "swiss"]
[EventRounds "5"]
[EventCountry "NZL"]
[SourceDate "2014.09.06"]

1. d4 Nf6 2. Nc3 d5 3. Bg5 h6 4. Bxf6 exf6 5. g3 Bf5 6. Bg2 c6 7. e4 dxe4 8.
Nxe4 Be7 9. Ne2 Nd7 10. O-O O-O 11. c4 Nb6 12. b3 Qd7 13. Qd2 Rfd8 14. Rad1 Bh3
15. Qf4 Bxg2 16. Kxg2 Rac8 17. g4 a5 18. a4 Qc7 19. Qf3 Bf8 20. N2g3 Re8 21.
Nf5 Nd7 22. c5 Rcd8 23. Ned6 Re6 24. Rfe1 b6 25. cxb6 Nxb6 26. Ne4 Rde8 27. Qg3
Qd8 28. f3 Nd5 29. Rc1 g6 30. h4 Kh7 31. Kh3 gxf5 32. gxf5 Bd6 33. Nxd6 Nf4+
34. Qxf4 Rxe1 35. Nxf7 Qd5 36. Qxh6+ Kg8 37. Qh8+ 1/2-1/2

[Event "41st North Shore Open-A"]
[Site "Devonport"]
[Date "2014.09.06"]
[Round "3.4"]
[White "Huang, Alex"]
[Black "Macdonald, Paul"]
[Result "0-1"]
[WhiteElo "2107"]
[BlackElo "1977"]
[PlyCount "81"]
[EventDate "2014.09.06"]
[EventType "swiss"]
[EventRounds "5"]
[EventCountry "NZL"]
[SourceDate "2014.09.06"]

1. e4 d6 2. d4 Nf6 3. Nc3 g6 4. Nf3 Bg7 5. Be2 O-O 6. O-O e5 7. dxe5 dxe5 8.
Bg5 Qe8 9. Qd2 Bg4 10. Bxf6 Bxf6 11. Nd5 Bd8 12. Qb4 Nc6 13. Qxb7 Bxf3 14. Qxa8
Bxe2 15. Rfe1 Bc4 16. c3 Qe6 17. b3 Ba6 18. Nb4 Nxb4 19. cxb4 Be7 20. Qxa7 Bxb4
21. Red1 Qb6 22. Qxb6 cxb6 23. Rac1 Bc5 24. Rc2 Bb7 25. Rc4 Bd4 26. Re1 Rc8 27.
Re2 Rxc4 28. bxc4 Ba6 29. Rc2 Kf8 30. Kf1 Ke7 31. Ke2 Kd6 32. f3 Kc5 33. Kd3
Kb4 34. f4 Kc5 35. g3 Bb7 36. fxe5 Bxe5 37. Rf2 f6 38. g4 Bc8 39. h3 Be6 40.
Rc2 h5 41. Rg2 0-1

[Event "41st North Shore Open-A"]
[Site "Devonport"]
[Date "2014.09.06"]
[Round "3.5"]
[White "McCrone, Jeffrey"]
[Black "Johns, Daniel P"]
[Result "1/2-1/2"]
[WhiteElo "2073"]
[BlackElo "1923"]
[PlyCount "66"]
[EventDate "2014.09.06"]
[EventType "swiss"]
[EventRounds "5"]
[EventCountry "NZL"]
[SourceDate "2014.09.06"]

1. Nf3 d5 2. d4 Nf6 3. Bf4 e6 4. e3 c5 5. c3 Nc6 6. Be2 cxd4 7. exd4 Bd6 8. Bg3
Ne4 9. Nbd2 Nxd2 10. Qxd2 Qc7 11. Qg5 O-O 12. Bd3 Bxg3 13. Bxh7+ Kxh7 14. hxg3+
Kg8 15. Rh8+ Kxh8 16. Qh5+ Kg8 17. Ng5 Rd8 18. Qh7+ Kf8 19. O-O-O Ne7 20. Qh8+
Ng8 21. Nh7+ Ke7 22. Qxg7 Kd6 23. Ng5 f6 24. Nf7+ Kc6 25. Nxd8+ Qxd8 26. Rh1
Bd7 27. Rh8 Qf8 28. Qg6 Re8 29. Qc2 Qg7 30. Rh7 Qg5+ 31. f4 Qxg3 32. Qa4+ Kb6
33. Qxd7 Qe1+ 1/2-1/2

[Event "41st North Shore Open-A"]
[Site "Devonport"]
[Date "2014.09.06"]
[Round "3.6"]
[White "Rivas Villanueva, Andrea"]
[Black "Ang, Alphaeus Wei Ern"]
[Result "0-1"]
[WhiteElo "1938"]
[BlackElo "2060"]
[PlyCount "98"]
[EventDate "2014.09.06"]
[EventType "swiss"]
[EventRounds "5"]
[EventCountry "NZL"]
[SourceDate "2014.09.06"]

1. e4 Nc6 2. Nf3 d5 3. exd5 Qxd5 4. d4 Bg4 5. Be2 O-O-O 6. c3 e5 7. O-O exd4 8.
Nxd4 Bxe2 9. Qxe2 Nxd4 10. cxd4 Qxd4 11. Be3 Qd3 12. Qg4+ Kb8 13. Nc3 Qd7 14.
Qf3 Nf6 15. Rac1 a6 16. Bf4 Bd6 17. Bg5 Rdg8 18. Rfd1 Qg4 19. Qxg4 Nxg4 20. h3
h6 21. Bd2 Ne5 22. Ne4 Rd8 23. Ba5 Nc6 24. Nxd6 Rxd6 25. Rxd6 cxd6 26. Bb6 Re8
27. Kf1 Re5 28. a4 Re4 29. b3 Rb4 30. a5 Re4 31. Rc3 Kc8 32. f3 Re6 33. Kf2 Kd7
34. f4 Re4 35. Kf3 f5 36. g3 Ke6 37. Rd3 d5 38. g4 fxg4+ 39. hxg4 g5 40. f5+
Kd6 41. Rd1 Ne5+ 42. Kf2 Rxg4 43. Be3 Re4 44. Bc1 Ng4+ 45. Kf3 Ke5 46. Bb2+ d4
47. Rd2 Rf4+ 48. Kg3 Ne3 49. f6 Nf1+ 0-1

[Event "41st North Shore Open-A"]
[Site "Devonport"]
[Date "2014.09.06"]
[Round "3.7"]
[White "Lyall, Simon"]
[Black "Fan, Allen Chi Zhou"]
[Result "0-1"]
[WhiteElo "1841"]
[BlackElo "1879"]
[PlyCount "32"]
[EventDate "2014.09.06"]
[EventType "swiss"]
[EventRounds "5"]
[EventCountry "NZL"]
[SourceDate "2014.09.06"]

1. e4 Nf6 2. e5 Nd5 3. c4 Nb6 4. c5 Nd5 5. Nc3 Nxc3 6. dxc3 Nc6 7. Nf3 d6 8.
cxd6 exd6 9. Bb5 Bd7 10. exd6 Bxd6 11. O-O O-O 12. Qd3 h6 13. Be3 a6 14. Bc4
Bg4 15. Bd5 Bxf3 16. Bxf3 Bxh2+ 0-1

[Event "41st North Shore Open-A"]
[Site "Devonport"]
[Date "2014.09.07"]
[Round "4.1"]
[White "Wang, Puchen"]
[Black "McLaren, Leonard J"]
[Result "1-0"]
[WhiteElo "2456"]
[BlackElo "2317"]
[PlyCount "89"]
[EventDate "2014.09.06"]
[EventType "swiss"]
[EventRounds "5"]
[EventCountry "NZL"]
[SourceDate "2014.09.06"]

1. d4 Nf6 2. c4 e6 3. Nc3 Bb4 4. e3 O-O 5. Bd3 d5 6. Nf3 c5 7. O-O cxd4 8. exd4
dxc4 9. Bxc4 b6 10. Bg5 Bb7 11. Qe2 Nbd7 12. Rac1 Bxc3 13. bxc3 Qc7 14. Bd3
Rac8 15. Rfe1 Rfe8 16. Bh4 Qf4 17. Bg3 Qh6 18. Bb5 Red8 19. Bd6 Nf8 20. Be7 Rd5
21. Bd3 Rh5 22. Bd6 Ng6 23. Ba6 Bxa6 24. Qxa6 Rd8 25. Qxa7 Ne4 26. Bg3 Nxg3 27.
fxg3 Ra5 28. Qxb6 Rda8 29. Ra1 Rxa2 30. Rxa2 Rxa2 31. d5 Nf8 32. dxe6 fxe6 33.
Qb3 Ra8 34. Qb7 Rd8 35. h3 Qg6 36. Kh2 h6 37. Ne5 Qf5 38. Nc6 Re8 39. Ne7+ Rxe7
40. Qxe7 Qd3 41. Qc7 Kh7 42. Ra1 Qf5 43. Qf4 Qc5 44. Qe4+ Ng6 45. Ra6 1-0

[Event "41st North Shore Open-A"]
[Site "Devonport"]
[Date "2014.09.07"]
[Round "4.2"]
[White "Hague, Ben"]
[Black "Garbett, Paul A"]
[Result "1-0"]
[WhiteElo "2451"]
[BlackElo "2362"]
[PlyCount "91"]
[EventDate "2014.09.06"]
[EventType "swiss"]
[EventRounds "5"]
[EventCountry "NZL"]
[SourceDate "2014.09.06"]

1. e4 c5 2. Nf3 e6 3. d4 cxd4 4. Nxd4 Nc6 5. Nc3 Qc7 6. Be3 a6 7. Qd2 Nf6 8.
O-O-O Be7 9. f3 b5 10. g4 Nxd4 11. Qxd4 Bb7 12. Kb1 Rc8 13. g5 Nh5 14. Rd2 Bc5
15. Qxc5 Qxc5 16. Bxc5 Rxc5 17. Rg1 Nf4 18. a4 b4 19. Na2 a5 20. Nc1 Ke7 21.
Nb3 Re5 22. Bb5 Bc6 23. Bxc6 dxc6 24. Rgd1 Rxg5 25. Rd7+ Kf6 26. Ra7 Rg2 27.
Rdd7 Rf8 28. Nxa5 Ne2 29. Nb3 g5 30. a5 h5 31. a6 g4 32. fxg4 hxg4 33. Rxf7+
Rxf7 34. Rxf7+ Kxf7 35. a7 Rxh2 36. a8=Q g3 37. Qa7+ Kg6 38. Qb8 Rf2 39. Qg8+
Kf6 40. Qh8+ Kg6 41. Qh4 Rh2 42. Qg4+ Kh7 43. Nc1 Nd4 44. Qxg3 Rxc2 45. Qd3 e5
46. Qxc2 1-0

[Event "41st North Shore Open-A"]
[Site "Devonport"]
[Date "2014.09.07"]
[Round "4.3"]
[White "Macdonald, Paul"]
[Black "Browne, Jeremy A"]
[Result "0-1"]
[WhiteElo "1977"]
[BlackElo "2130"]
[PlyCount "63"]
[EventDate "2014.09.06"]
[EventType "swiss"]
[EventRounds "5"]
[EventCountry "NZL"]
[SourceDate "2014.09.06"]

1. d4 e6 2. c4 f5 3. Nc3 Nf6 4. e3 b6 5. Qf3 d5 6. cxd5 exd5 7. Bd3 Bb4 8. a3
Bxc3+ 9. bxc3 O-O 10. Ne2 Ne4 11. h4 c5 12. a4 Ba6 13. Bxa6 Nxa6 14. Ba3 Rf7
15. Rd1 Rc8 16. O-O c4 17. Qf4 Nc7 18. f3 Nf6 19. Qxf5 g6 20. Qg5 Qd7 21. Nf4
Ne6 22. Nxe6 Qxe6 23. Rfe1 Re8 24. Ra1 Kg7 25. Ra2 Qc6 26. Rea1 h6 27. Qf4 Ne4
28. Qg4 h5 29. Qh3 Nxc3 30. Rc2 Rxe3 31. Kf2 Rd3 32. Bb2 {(time)} 0-1

[Event "41st North Shore Open-A"]
[Site "Devonport"]
[Date "2014.09.07"]
[Round "4.4"]
[White "Zhang, Leo"]
[Black "Hair, Philip I"]
[Result "1-0"]
[WhiteElo "2077"]
[BlackElo "1926"]
[PlyCount "123"]
[EventDate "2014.09.06"]
[EventType "swiss"]
[EventRounds "5"]
[EventCountry "NZL"]
[SourceDate "2014.09.06"]

1. d4 Nf6 2. c4 d6 3. Nc3 c6 4. e4 e5 5. Nf3 Nbd7 6. h3 Be7 7. Be3 O-O 8. Be2
Re8 9. Qc2 Bf8 10. O-O-O a6 11. g4 b5 12. g5 b4 13. Na4 exd4 14. Nxd4 Nxe4 15.
Nxc6 Qc7 16. Nxb4 Bb7 17. Rhg1 Rac8 18. b3 Qa5 19. Nd5 Bxd5 20. Rxd5 Qxd5 21.
cxd5 Rxc2+ 22. Kxc2 Nxf2 23. Rg3 Ne4 24. Rg2 Re5 25. Bxa6 Rxd5 26. Bb7 Re5 27.
Bf4 Rf5 28. Bxe4 Rxf4 29. Nc3 Nc5 30. Bd5 Ne6 31. a4 Be7 32. a5 Nc7 33. Bc4 Rf5
34. a6 d5 35. Bd3 Rxg5 36. Rxg5 Bxg5 37. a7 Be3 38. Nxd5 Bxa7 39. Nxc7 g5 40.
Bf5 Kg7 41. Ne8+ Kf8 42. Nf6 h6 43. Kd3 Kg7 44. Nh5+ Kf8 45. Ke4 Ke7 46. Kd5
Bb8 47. b4 Bh2 48. b5 Bb8 49. Bg4 Bh2 50. Kc6 Be5 51. b6 Bh2 52. Kd5 Bb8 53.
Ke4 Bh2 54. Kf5 Bd6 55. Nf6 Kf8 56. b7 Bh2 57. b8=Q+ Bxb8 58. Nd7+ Kg8 59. Nxb8
Kg7 60. Nd7 f6 61. Nxf6 Kf7 62. Nh5 1-0

[Event "41st North Shore Open-A"]
[Site "Devonport"]
[Date "2014.09.07"]
[Round "4.5"]
[White "Ang, Alphaeus Wei Ern"]
[Black "Steadman, Michael VR"]
[Result "0-1"]
[WhiteElo "2060"]
[BlackElo "2294"]
[PlyCount "136"]
[EventDate "2014.09.06"]
[EventType "swiss"]
[EventRounds "5"]
[EventCountry "NZL"]
[SourceDate "2014.09.06"]

1. d4 Nf6 2. c4 c5 3. d5 b5 4. Qc2 d6 5. e4 bxc4 6. Bxc4 g6 7. Nc3 Bg7 8. h3
O-O 9. Nf3 Ba6 10. Qe2 Qb6 11. O-O Nfd7 12. a4 Bxc4 13. Qxc4 Qb4 14. Qxb4 cxb4
15. Nb5 Na6 16. Nfd4 Bf6 17. Nc6 Nac5 18. Bh6 Rfc8 19. g4 Nxe4 20. Rfe1 Ndc5
21. f3 a6 22. Nba7 Rc7 23. fxe4 Bxb2 24. Rab1 Bc3 25. Re2 Raxa7 26. Nxa7 Rxa7
27. Be3 Rc7 28. Bxc5 dxc5 29. Kg2 a5 30. Rc2 Rb7 31. Kf3 Bd4 32. Rb3 g5 33. Ke2
Kg7 34. Kd3 Kf6 35. Kc4 Ke5 36. Re2 Rb6 37. Rf3 f6 38. Re1 Rb8 39. Re2 Kd6 40.
Re1 Kc7 41. Re2 Kb6 42. Re1 h5 43. Rh1 Rh8 44. Rff1 Kc7 45. gxh5 Rxh5 46. h4
gxh4 47. Rh3 Kb6 48. Rf4 Rg5 49. Rfxh4 Be5 50. Rh7 Bd6 51. Rh1 Rg2 52. Kb3 Rg3+
53. Kb2 c4 54. R7h3 Rg2+ 55. Kb1 Kc5 56. Rf3 Be5 57. Rhf1 Bd4 58. Rf5 Kd6 59.
Rd1 Bc5 60. Rh5 c3 61. e5+ fxe5 62. Rh6+ Kd7 63. Re1 Bd4 64. Rc6 b3 65. Kc1 Ra2
66. Kb1 Ra1+ 67. Kxa1 c2+ 68. Rc3 Bxc3# 0-1

[Event "41st North Shore Open-A"]
[Site "Devonport"]
[Date "2014.09.07"]
[Round "4.6"]
[White "Duneas, John"]
[Black "Zhang, William Jiewen"]
[Result "1-0"]
[WhiteElo "2194"]
[BlackElo "1961"]
[PlyCount "84"]
[EventDate "2014.09.06"]
[EventType "swiss"]
[EventRounds "5"]
[EventCountry "NZL"]
[SourceDate "2014.09.06"]

1. d4 e6 2. c4 f5 3. g3 Nf6 4. Bg2 Be7 5. Nc3 O-O 6. e4 fxe4 7. Nxe4 d5 8. Nc3
Nc6 9. Nf3 dxc4 10. O-O Nb4 11. Ne5 c5 12. Be3 Qc7 13. Qe2 Nbd5 14. Qxc4 Nxe3
15. fxe3 a6 16. Qb3 Rb8 17. Bh3 Qd6 18. Nc4 Qc7 19. Qb6 Qxb6 20. Nxb6 Kf7 21.
d5 Ke8 22. Nxc8 Rxc8 23. Bxe6 Rd8 24. a4 Nd7 25. Bxd7+ Kxd7 26. Ne4 Bd6 27.
Rxf8 Rxf8 28. Rf1 Rxf1+ 29. Kxf1 b5 30. axb5 axb5 31. Ke2 Be5 32. Nxc5+ Kd6 33.
Nd3 Kxd5 34. Nxe5 Kxe5 35. Kd3 Kd5 36. b4 Ke5 37. e4 g5 38. h3 h5 39. Ke3 h4
40. g4 Ke6 41. Kd4 Kd6 42. e5+ Ke6 1-0

[Event "41st North Shore Open-A"]
[Site "Devonport"]
[Date "2014.09.07"]
[Round "4.7"]
[White "Fan, Allen Chi Zhou"]
[Black "McCrone, Jeffrey"]
[Result "1-0"]
[WhiteElo "1879"]
[BlackElo "2073"]
[PlyCount "95"]
[EventDate "2014.09.06"]
[EventType "swiss"]
[EventRounds "5"]
[EventCountry "NZL"]
[SourceDate "2014.09.06"]

1. Nf3 Nf6 2. c4 c5 3. g3 b6 4. Bg2 Bb7 5. O-O g6 6. Nc3 Bg7 7. Rb1 Nc6 8. a3
a5 9. e3 d5 10. cxd5 Nxd5 11. Qb3 e6 12. Rd1 O-O 13. Na4 Ba6 14. d3 Rb8 15. Ne1
Qd6 16. Nc3 Rfd8 17. Nxd5 exd5 18. Qc2 Bb7 19. b3 d4 20. e4 Ne5 21. Bf4 h6 22.
Bxe5 Qxe5 23. f4 Qe7 24. Nf3 Bc8 25. Re1 g5 26. f5 g4 27. Nd2 Bf6 28. Nc4 Bg5
29. Qe2 b5 30. Nxa5 Qc7 31. b4 Be3+ 32. Kh1 h5 33. Rf1 f6 34. Qc2 Ra8 35. Rb2
Rd7 36. Qb3+ Kh8 37. Rc2 c4 38. dxc4 h4 39. cxb5 Qd8 40. gxh4 Rh7 41. Nc4 Qg8
42. Qd3 Rxh4 43. Nxe3 dxe3 44. Qxe3 Qh7 45. Qg3 Bd7 46. Rc7 Rxa3 47. Qxa3 Rxh2+
48. Kg1 1-0

[Event "41st North Shore Open-A"]
[Site "Devonport"]
[Date "2014.09.07"]
[Round "4.9"]
[White "Milligan, Helen"]
[Black "Krstev, Antonio"]
[Result "1/2-1/2"]
[WhiteElo "2048"]
[BlackElo "2130"]
[PlyCount "74"]
[EventDate "2014.09.06"]
[EventType "swiss"]
[EventRounds "5"]
[EventCountry "NZL"]
[SourceDate "2014.09.06"]

1. e4 e6 2. d4 d5 3. Nc3 Nf6 4. e5 Nfd7 5. f4 c5 6. Nf3 cxd4 7. Nxd4 Nc6 8. Be3
Bb4 9. Qd2 Nc5 10. Bd3 O-O 11. O-O Bd7 12. a3 Nxd3 13. cxd3 Ba5 14. Rac1 Nxd4
15. Bxd4 Bb6 16. Qf2 Bxd4 17. Qxd4 f6 18. exf6 Qxf6 19. Ne2 Rfc8 20. Qb4 Rxc1
21. Rxc1 Bc6 22. Qd4 Rd8 23. Rc3 a6 24. Rc1 Kf7 25. Rc2 h6 26. Rc1 g6 27. Qxf6+
Kxf6 28. Nd4 Rd6 29. Kf2 g5 30. g3 Be8 31. Rc7 Rb6 32. b3 gxf4 33. gxf4 e5 34.
fxe5+ Kxe5 35. Ke3 Bh5 36. Re7+ Kf6 37. Rh7 Ke5 1/2-1/2

[Event "41st North Shore Open-A"]
[Site "Devonport"]
[Date "2014.09.07"]
[Round "4.10"]
[White "Hart, Ralph"]
[Black "Rivas Villanueva, Andrea"]
[Result "1-0"]
[WhiteElo "2283"]
[BlackElo "1938"]
[PlyCount "85"]
[EventDate "2014.09.06"]
[EventType "swiss"]
[EventRounds "5"]
[EventCountry "NZL"]
[SourceDate "2014.09.06"]

1. d4 d5 2. Nf3 Bf5 3. g3 Nc6 4. Bg2 e6 5. O-O Bd6 6. c4 Nf6 7. b3 Nb4 8. c5
Be7 9. Nh4 Bc2 10. Qd2 a5 11. a3 Bxb1 12. axb4 Be4 13. f3 Bg6 14. Rxa5 Nh5 15.
Nxg6 hxg6 16. Qd3 c6 17. Bd2 Rxa5 18. bxa5 Qc7 19. Qe3 Nf6 20. Qf4 e5 21. Qxe5
Qxe5 22. dxe5 Bxc5+ 23. e3 Nd7 24. Rc1 Ba3 25. Rb1 Nxe5 26. b4 Nc4 27. Bc3 Nxe3
28. Re1 d4 29. Bxd4 Bxb4 30. Rxe3+ Kd7 31. Rd3 Ke6 32. Bb6 Ra8 33. Kf1 Bxa5 34.
Ra3 Bxb6 35. Rxa8 Bd4 36. f4 Kd6 37. Rd8+ Kc5 38. Rd7 Kc4 39. Rxb7 c5 40. Ke2
f5 41. Bc6 Kc3 42. Be8 Bg1 43. Bxg6 1-0

[Event "41st North Shore Open-A"]
[Site "Devonport"]
[Date "2014.09.07"]
[Round "4.11"]
[White "Runcan, Daniel I"]
[Black "Lyall, Simon"]
[Result "1-0"]
[WhiteElo "2046"]
[BlackElo "1841"]
[PlyCount "75"]
[EventDate "2014.09.06"]
[EventType "swiss"]
[EventRounds "5"]
[EventCountry "NZL"]
[SourceDate "2014.09.06"]

1. e4 e5 2. Nf3 Nf6 3. Nxe5 d6 4. Nf3 Nxe4 5. Qe2 Qe7 6. d3 Nf6 7. Bg5 Qxe2+ 8.
Bxe2 Be7 9. Nc3 O-O 10. d4 Bf5 11. O-O-O h6 12. Bh4 g5 13. Bg3 Nc6 14. d5 Nb4
15. Nd4 Bg6 16. Bc4 Nd7 17. a3 Na6 18. f4 Bf6 19. h4 gxf4 20. Bxf4 Kg7 21. h5
Bh7 22. g4 Bxd4 23. Rxd4 f6 24. Nb5 Ne5 25. Be2 Nf7 26. Bd2 Rfe8 27. Bd3 Bxd3
28. Rxd3 Re7 29. Nd4 Re4 30. Ne6+ Kh7 31. Rf3 Rxg4 32. Rxf6 Ng5 33. Re1 Nc5 34.
Nxc5 dxc5 35. Re7+ Kg8 36. b3 Ne4 37. Rg6+ Kf8 38. Rxg4 1-0

[Event "41st North Shore Open-A"]
[Site "Devonport"]
[Date "2014.09.07"]
[Round "5.2"]
[White "Browne, Jeremy A"]
[Black "Duneas, John"]
[Result "1-0"]
[WhiteElo "2130"]
[BlackElo "2194"]
[PlyCount "75"]
[EventDate "2014.09.06"]
[EventType "swiss"]
[EventRounds "5"]
[EventCountry "NZL"]
[SourceDate "2014.09.06"]

1. e4 e6 2. d4 d5 3. Nc3 Nf6 4. Bg5 Be7 5. e5 Nfd7 6. h4 O-O 7. Bd3 f6 8. Qh5
f5 9. Nh3 Qe8 10. Qf3 Nc6 11. Nb5 Bb4+ 12. c3 Ba5 13. O-O-O a6 14. Na3 b5 15.
Nc2 Bb6 16. g4 Ndxe5 17. dxe5 Nxe5 18. Qg3 Nxg4 19. f3 Nf6 20. Rde1 Nd7 21. Nd4
Bxd4 22. cxd4 c5 23. Rhg1 Rf7 24. Bh6 Nf6 25. Nf4 Raa7 26. Bxf5 Rae7 27. Bc2
cxd4 28. Nd3 Rc7 29. Ne5 Rfe7 30. Bg5 Qf8 31. h5 Kh8 32. Kb1 Ra7 33. Nc6 Qe8
34. Nxa7 Rxa7 35. Bxf6 gxf6 36. Qf4 Qf7 37. Qxd4 e5 38. Rxe5 1-0

[Event "41st North Shore Open-A"]
[Site "Devonport"]
[Date "2014.09.07"]
[Round "5.3"]
[White "Steadman, Michael VR"]
[Black "Zhang, Leo"]
[Result "1-0"]
[WhiteElo "2294"]
[BlackElo "2077"]
[PlyCount "99"]
[EventDate "2014.09.06"]
[EventType "swiss"]
[EventRounds "5"]
[EventCountry "NZL"]
[SourceDate "2014.09.06"]

1. e4 c5 2. Nf3 d6 3. d4 Nf6 4. Nc3 cxd4 5. Nxd4 a6 6. Be3 e5 7. Nb3 Be6 8. h3
d5 9. exd5 Nxd5 10. Nxd5 Bxd5 11. Qg4 Be6 12. Qg3 Nd7 13. Be2 Bf5 14. O-O Bg6
15. Rad1 Qc7 16. f4 exf4 17. Bxf4 Qb6+ 18. Be3 Qb4 19. Bg4 f5 20. Bxf5 Bxf5 21.
Rxf5 g6 22. Rfd5 O-O-O 23. a3 Qc4 24. Bg5 Bg7 25. Bxd8 Rxd8 26. Na5 Qxc2 27.
Nxb7 Be5 28. Qg4 Kxb7 29. Rxd7+ Rxd7 30. Qxd7+ Bc7 31. Qd5+ Ka7 32. Kh1 Qxb2
33. Qd4+ Qxd4 34. Rxd4 h6 35. Rd7 Kb6 36. Rg7 g5 37. Rg6+ Ka5 38. Rxh6 Kb5 39.
Rh5 Ka4 40. Rxg5 Kxa3 41. g4 a5 42. Rg7 Bb6 43. g5 a4 44. g6 Bd4 45. Rd7 Be5
46. g7 Bxg7 47. Rxg7 Kb2 48. Ra7 a3 49. h4 a2 50. Rxa2+ 1-0

[Event "41st North Shore Open-A"]
[Site "Devonport"]
[Date "2014.09.07"]
[Round "5.4"]
[White "Johns, Daniel J"]
[Black "Fan, Allen Chi Zhou"]
[Result "1/2-1/2"]
[WhiteElo "1923"]
[BlackElo "1879"]
[PlyCount "81"]
[EventDate "2014.09.06"]
[EventType "swiss"]
[EventRounds "5"]
[EventCountry "NZL"]
[SourceDate "2014.09.06"]

1. e4 Nf6 2. e5 Nd5 3. d4 d6 4. Nf3 dxe5 5. Nxe5 Nd7 6. c4 Nxe5 7. dxe5 Nb6 8.
Qxd8+ Kxd8 9. Nc3 Bf5 10. Bf4 c6 11. O-O-O+ Ke8 12. Be2 e6 13. h4 h6 14. g4 Bg6
15. a3 a5 16. Be3 Nd7 17. f4 Be7 18. h5 Bh7 19. Rd2 Nc5 20. Bxc5 Bxc5 21. Rh3
Ke7 22. Bd3 Bxd3 23. Rhxd3 Rad8 24. Ne4 Bg1 25. Nd6 b6 26. b4 axb4 27. axb4 c5
28. b5 Ra8 29. Nb7 Bd4 30. Kd1 Ra4 31. Nd6 Ra1+ 32. Ke2 f6 33. Rxd4 cxd4 34.
Rxd4 fxe5 35. fxe5 Rha8 36. Rf4 R1a2+ 37. Ke3 R8a3+ 38. Ke4 Re2+ 39. Kd4 Rd2+
40. Ke4 Re2+ 41. Kd4 1/2-1/2

[Event "41st North Shore Open-A"]
[Site "Devonport"]
[Date "2014.09.07"]
[Round "5.5"]
[White "McLaren, Leonard J"]
[Black "Macdonald, Paul"]
[Result "1-0"]
[WhiteElo "2317"]
[BlackElo "1977"]
[PlyCount "45"]
[EventDate "2014.09.06"]
[EventType "swiss"]
[EventRounds "5"]
[EventCountry "NZL"]
[SourceDate "2014.09.06"]

1. e4 d6 2. d4 Nf6 3. Nc3 g6 4. Be3 c6 5. Qd2 b5 6. f3 Nbd7 7. Bd3 Nb6 8. b3
Bb7 9. Nge2 Qc7 10. Bh6 Bxh6 11. Qxh6 a6 12. a4 bxa4 13. Nxa4 Nxa4 14. Rxa4 c5
15. d5 Qb6 16. Bc4 Bc8 17. Nc3 Bd7 18. Ra2 Qb4 19. Qd2 a5 20. Nb5 O-O 21. c3
Qxb5 22. Bxb5 Bxb5 23. c4 1-0

[Event "41st North Shore Open-A"]
[Site "Devonport"]
[Date "2014.09.07"]
[Round "5.6"]
[White "Hair, Philip I"]
[Black "Garbett, Paul A"]
[Result "0-1"]
[WhiteElo "1926"]
[BlackElo "2362"]
[PlyCount "78"]
[EventDate "2014.09.06"]
[EventType "swiss"]
[EventRounds "5"]
[EventCountry "NZL"]
[SourceDate "2014.09.06"]

1. e4 c5 2. Nc3 Nc6 3. g3 g6 4. Bg2 Bg7 5. d3 d6 6. Be3 e6 7. Qd2 Nge7 8. Bh6
O-O 9. Bxg7 Kxg7 10. f4 f5 11. Nf3 Nd4 12. O-O Nec6 13. Ne2 Nxf3+ 14. Bxf3 Rb8
15. Kh1 Qf6 16. c3 Rd8 17. Qe3 Bd7 18. g4 fxg4 19. Bxg4 b6 20. Ng3 Qh4 21. Bf3
Rf8 22. Bg2 Rbe8 23. Qd2 Rf7 24. Rf2 Ref8 25. Raf1 e5 26. f5 Ne7 27. fxg6 Rxf2
28. Rxf2 Rxf2 29. Qxf2 hxg6 30. d4 Qf4 31. Qxf4 exf4 32. Ne2 g5 33. Kg1 Bb5 34.
Kf2 Nc6 35. dxc5 dxc5 36. h4 Bxe2 37. Kxe2 g4 38. Kf2 Ne5 39. Bf1 Kh6 0-1

[Event "41st North Shore Open-A"]
[Site "Devonport"]
[Date "2014.09.07"]
[Round "5.7"]
[White "Ang, Alphaeus Wei Ern"]
[Black "Hart, Ralph"]
[Result "1-0"]
[WhiteElo "2060"]
[BlackElo "2283"]
[PlyCount "127"]
[EventDate "2014.09.06"]
[EventType "swiss"]
[EventRounds "5"]
[EventCountry "NZL"]
[SourceDate "2014.09.06"]

1. d4 Nf6 2. c4 e5 3. dxe5 Ng4 4. Bf4 Nc6 5. Nf3 Bb4+ 6. Nbd2 Qe7 7. e3 Ngxe5
8. Nxe5 Nxe5 9. Be2 b6 10. O-O Bb7 11. Nf3 f6 12. a3 Bd6 13. Nd4 O-O-O 14. Nf5
Qe6 15. Nxd6+ cxd6 16. Qd4 h5 17. a4 g5 18. Bxe5 dxe5 19. Qc3 g4 20. a5 Qc6 21.
f3 Rhg8 22. e4 Rg6 23. axb6 axb6 24. c5 Kb8 25. cxb6 Qxb6+ 26. Kh1 gxf3 27.
Bxf3 h4 28. h3 Rc8 29. Qa3 Rc5 30. Rfc1 d6 31. Rxc5 dxc5 32. Rc1 Rg7 33. Rxc5
Rd7 34. Rc1 Qd6 35. Qb3 Rd8 36. Rd1 Qe7 37. Rxd8+ Qxd8 38. Qc3 Qb6 39. Qe1 Qxb2
40. Qxh4 Qb6 41. Kh2 Qd6 42. Qg4 Bc8 43. Qg6 Kc7 44. h4 f5 45. exf5 Qxg6 46.
fxg6 Kd6 47. Be4 Ke7 48. h5 Kf6 49. h6 Be6 50. g7 Bc4 51. Kg3 Kf7 52. Bh7 Kf6
53. g8=Q Bxg8 54. Bxg8 Kg6 55. h7 Kg7 56. Kg4 e4 57. Kf4 Kh8 58. Kxe4 Kg7 59.
Kf5 Kh8 60. g4 Kg7 61. g5 Kh8 62. g6 Kg7 63. h8=Q+ Kxh8 64. Kf6 1-0

[Event "41st North Shore Open-A"]
[Site "Devonport"]
[Date "2014.09.07"]
[Round "5.8"]
[White "McCrone, Jeffrey"]
[Black "Milligan, Helen"]
[Result "1/2-1/2"]
[WhiteElo "2073"]
[BlackElo "2048"]
[PlyCount "96"]
[EventDate "2014.09.06"]
[EventType "swiss"]
[EventRounds "5"]
[EventCountry "NZL"]
[SourceDate "2014.09.06"]

1. Nf3 Nf6 2. g3 g6 3. Bg2 Bg7 4. c4 d6 5. d4 Nbd7 6. Nc3 O-O 7. O-O e5 8. Re1
Re8 9. e4 c6 10. h3 a6 11. a4 a5 12. Be3 exd4 13. Nxd4 Nc5 14. Qc2 Qc7 15. Rad1
Be6 16. b3 Rad8 17. f4 Bc8 18. Bf2 Nfd7 19. g4 Ne6 20. Nxe6 fxe6 21. Bh4 Bf6
22. Bg3 e5 23. g5 exf4 24. Bxf4 Be5 25. Rf1 Rf8 26. Qd2 Qb6+ 27. Kh1 Qxb3 28.
Bxe5 Nxe5 29. c5 Be6 30. Rxf8+ Kxf8 31. cxd6 Kg8 32. Qd4 Nf7 33. e5 Nxg5 34.
Rf1 Qc4 35. Qe3 Nf7 36. Ne4 Bf5 37. Nf6+ Kg7 38. Nh5+ Kh8 39. Ng3 Qe6 40. Nxf5
gxf5 41. Re1 Rg8 42. Qb6 Nxd6 43. Qxa5 Nc4 44. Qb4 f4 45. Qb3 Rg3 46. Qb4 f3
47. Qf8+ Qg8 48. Qf6+ Qg7 1/2-1/2